Entry Nombre personal
001 - NÚMERO DE CONTROL
- campo de control: 126199
003 - IDENTIFICADOR DE NÚMERO DE CONTROL
- campo de control: SpMaBN
005 - FECHA Y HORA DE LA ÚLTIMA TRANSACCIÓN
- campo de control: 20230909210943.0
008 - ELEMENTOS DE DATO DE LONGITUD-FIJA
- campo de control de longitud fija: 900725n| aijnnaabn |n aaa
016 ## - NÚMERO DE CONTROL DE UNA AGENCIA BIBLIOGRÁFICA NACIONAL
- Número de control del registro: BNE19971356319
024 7# - IDENTIFICADOR DE OTROS ESTÁNDARES
- Número estándar o código: http://viaf.org/viaf/86978136/
- Fuente: viaf
040 ## - FUENTE DE CATALOGACIÓN
- Centro catalogador/agencia de origen: SpMaBN
- Lengua de catalogación: spa
- Centro/agencia transcriptor: SpMaBN
- Normas de descripción: rdc
- Convención/Normas de encabezamiento de materia/tesauro: embne
100 1# - ENCABEZAMIENTO-NOMBRE DE PERSONA
- Nombre de persona: Brun, Luis
373 ## - GRUPO ASOCIADO
- Grupo asociado: Ateneo de Madrid
- Fuente de información: Cargos históricos del Ateneo de Madrid 1835-1936 (Archivo del Ateneo)
375 ## - GÉNERO/SEXO
- Género: Masculino
670 ## - FUENTE DE DATOS ENCONTRADOS
- Cita de la fuente: La balada de los vientos, 1915
- Información encontrada: cabecera de la partitura (zarzuela inédita de Carlos Fdez. Shaw y Luis Brun)
678 ## - DATOS BIOGRÁFICOS O HISTÓRICOS
- Datos biográficos o históricos: Socio del Ateneo de Madrid. Secretario cuarto de la Sección de Artes Plásticas en 1901-03. Secretario segundo de la Sección de Literatura en 1905-06
- Ampliación de la nota: Fuente: Cargos históricos del Ateneo de Madrid 1835-1936 (Archivo del Ateneo)
